Countries Named After People - Statistics

General Stats
  • This quiz has been taken 69 times
  • The average score is 29 of 42
Answer Stats
ABC Order Person Country % Correct
4 Simón Bolívar Bolivia
95%
30 Rus Russia
95%
7 Christopher Columbus Colombia
94%
8 Čech Czech Republic
94%
32 Saint Lucy Saint Lucia
92%
11 Saint Dominic Dominican Republic
90%
20 Princely Family of Liechtenstein Liechtenstein
90%
24 Nicarao Nicaragua
89%
33 Saint Vincent of Saragossa Saint Vincent and the Grenadines
87%
37 Jean Moreau de Séchelles Seychelles
87%
6 Emperor Qin China
85%
39 Amerigo Vespucci United States
85%
9 King Dan Denmark
84%
36 Muhammad bin Saud Saudi Arabia
84%
27 King Philip II of Spain Philippines
82%
21 John Marshall Marshall Islands
81%
17 Jacob Israel
79%
22 Maurice, Prince of Orange Mauritius
79%
14 Hunor and Magor Hungary
77%
25 Nór Norway
77%
31 Saint Christopher Saint Kitts and Nevis
77%
13 King Mswati II Eswatini
76%
29 Romulus Romania
76%
35 Saint Thomas and Prince of Portugal São Tomé and Principe
74%
38 King Solomon of Israel and Judah Solomon Islands
71%
3 Rus Belarus
69%
42 Cecil Rhodes Zimbabwe
65%
15 King Bharata of Mahabharata or Bharata Chakravartin India
60%
18 Hashim ibn Abd Manaf Jordan
60%
34 Saint Marinus San Marino
60%
16 Ériu Ireland
56%
41 Simón Bolívar Venezuela
55%
28 Lech Poland
47%
5 Sage Kambu Swayambhuva Cambodia
44%
12 Jesus El Salvador
42%
23 Mussa Bin Bique Mozambique
39%
40 Öz Beg Khan Uzbekistan
37%
26 Birú Peru
35%
2 Bung Bangladesh
34%
19 Thomas Gilbert Kiribati
31%
1 Hayk Armenia
29%
10 Thoth Djibouti
21%
No matching quizzes found
Score Distribution
Percent of People with Each Score
Percentile by Number Answered
Your Score History
You have not taken this quiz